| 000 | 00886nam a22002897a 4500 | ||
|---|---|---|---|
| 001 | BR7801403 | ||
| 003 | BR-BrBNA | ||
| 005 | 20230928085537.0 | ||
| 007 | ta | ||
| 008 | 230509b bl.||||| |||| 00| 0 por d | ||
| 040 |
_aBR-BrBNA _bpor _cBiblioteca Nacional de Agricultura |
||
| 041 | _a(Por) | ||
| 072 |
_aL10 _b5300 |
||
| 090 | _ 5300 BR7801403 | ||
| 100 | 1 | _aAlves, R.G. de O. | |
| 110 | 1 |
_aUniversidade Federal de Vicosa, MG (Brasil) _0Tese (Magister Scientiae) |
|
| 245 | 1 | _aAnalises economica e genetica das caracteristicas de desempenho e de carcaca de suinos landrace e duroc | |
| 260 | 3 |
_aVicosa, MG (Brasil): _c1977. |
|
| 300 | _a70 p. | ||
| 500 | _a22 tables; Bibliography p. 43-48 (56 ref.); Summary (Por) | ||
| 650 | _aGenetica animal | ||
| 650 | _aSuino | ||
| 650 | _aCarcaca | ||
| 650 | _aLandrace | ||
| 909 |
_a202309 _bLucia _c55 _dLucia Elande |
||
| 942 | _cBK | ||
| 999 |
_c25011 _d25011 |
||